Nelson textbook of pediatrics. (Record no. 9043)
[ view plain ]
| 000 -LEADER | |
|---|---|
| fixed length control field | 01064nam a22002772 4500 |
| 001 - CONTROL NUMBER | |
| control field | 0000019687 |
| 005 - DATE AND TIME OF LATEST TRANSACTION | |
| control field | 20151217152159.0 |
| 008 - FIXED-LENGTH DATA ELEMENTS--GENERAL INFORMATION | |
| fixed length control field | 110120s xx 000 0 eng d |
| 020 ## - INTERNATIONAL STANDARD BOOK NUMBER | |
| International Standard Book Number | 8131210338 : |
| 040 ## - CATALOGING SOURCE | |
| Original cataloging agency | KABU |
| Transcribing agency | KABU |
| 245 10 - TITLE STATEMENT | |
| Title | Nelson textbook of pediatrics. |
| 250 ## - EDITION STATEMENT | |
| Edition statement | 18th ed. / |
| Remainder of edition statement | Robert M. Kliegman ... [et al.]. |
| 260 ## - PUBLICATION, DISTRIBUTION, ETC. (IMPRINT) | |
| Place of publication, distribution, etc. | New Delhi : |
| Name of publisher, distributor, etc. | Elsevier, |
| Date of publication, distribution, etc. | 2007. |
| 300 ## - PHYSICAL DESCRIPTION | |
| Extent | 2 v. |
| 500 ## - GENERAL NOTE | |
| General note | With separate index. |
| 650 #0 - SUBJECT ADDED ENTRY--TOPICAL TERM | |
| Topical term or geographic name as entry element | Pediatrics. |
| -- | 0000178253 |
| 700 1# - ADDED ENTRY--PERSONAL NAME | |
| Personal name | Kliegman, Robert M. |
| -- | 0000178254 |
| 852 1# - LOCATION | |
| -- | p7800 KES (per set) |
| 852 1# - LOCATION | |
| -- | p7800 KES (per set) |
| 852 1# - LOCATION | |
| -- | p7800 KES (per set) |
| 852 1# - LOCATION | |
| -- | p7800 KES (per set) |
| 852 1# - LOCATION | |
| -- | p7800 KES (per set) |
| 852 1# - LOCATION | |
| -- | p7800 KES (per set) |
| 908 ## - PUT COMMAND PARAMETER (RLIN) | |
| Put command parameter | 110120 |
| 950 ## - LOCAL HOLDINGS (RLIN) | |
| -- | 1 |
| Withdrawn status | Lost status | Source of classification or shelving scheme | Not for loan | Home library | Current library | Date acquired | Total Checkouts | Total Renewals | Full call number | Barcode | Date last seen | Date last checked out | Price effective from | Koha item type |
|---|---|---|---|---|---|---|---|---|---|---|---|---|---|---|
| Library of Congress Classification | Kabarak, Main Campus | Kabarak, Main Campus | 17/12/2015 | 22 | 3 | RJ45 .N45 2007 v. 1 c. 1 | 22760 | 09/10/2025 | 22/09/2025 | 17/12/2015 | General Collection | |||
| Library of Congress Classification | Kabarak, Main Campus | Kabarak, Main Campus | 17/12/2015 | 15 | 3 | RJ45 .N45 2007 v. 1 c. 2 | 22756 | 13/06/2024 | 16/05/2024 | 17/12/2015 | General Collection | |||
| Library of Congress Classification | Kabarak, Main Campus | Kabarak, Main Campus | 17/12/2015 | 15 | 1 | RJ45 .N45 2007 v. 2 c. 1 | 22753 | 08/03/2024 | 21/02/2024 | 17/12/2015 | General Collection | |||
| Library of Congress Classification | Kabarak, Main Campus | Kabarak, Main Campus | 17/12/2015 | 14 | RJ45 .N45 2007 v. 2 c. 2 | 22757 | 07/02/2023 | 19/01/2023 | 17/12/2015 | General Collection | ||||
| Library of Congress Classification | Kabarak, Main Campus | Kabarak, Main Campus | 17/12/2015 | 1 | RJ45 .N45 2007 Suppl. c. 1 | 22764 | 29/01/2019 | 25/01/2019 | 17/12/2015 | General Collection | ||||
| Library of Congress Classification | Kabarak, Main Campus | Kabarak, Main Campus | 17/12/2015 | RJ45 .N45 2007 Suppl. c. 2 | 22759 | 17/12/2015 | 17/12/2015 | General Collection |